| 000 | 00941ntm a22003017a 4500 | ||
|---|---|---|---|
| 005 | 20250814113839.0 | ||
| 008 | 180925b2013 xxu||||| |||| 00| 0 spa d | ||
| 020 | _a9789506415716 | ||
| 041 | _aESP | ||
| 082 | _a658.409.2 O65c | ||
| 100 |
_aOrdoñez, Ruben _949846 |
||
| 245 | _aCambio, creatividad e innovación: desafíos y respuestas | ||
| 260 | _aArgentina | ||
| 260 | _bGranica | ||
| 260 | _c2013 | ||
| 300 | _a295 páginas | ||
| 505 | _aParte I. El cambio como algo inevitable. Parte II. Resistencia e innovación: dos respuestas posibles al cambio. Parte III. El misterio de cómo impulsar la innovación. | ||
| 650 | _aLIDERAZGO EJECUTIVO | ||
| 650 | _aCAMBIO | ||
| 650 | _aDESAFÍOS DE LIDERAZGO | ||
| 650 | _aINDICADORES PARA MEDIR LA INNOVACIÓN | ||
| 650 | _aRESISTENCIA | ||
| 650 | _aINNOVACIÓN | ||
| 650 | _aCREATIVIDAD | ||
| 650 | _aNUEVOS PRODUCTOS | ||
| 650 | _aNEOMARKETING | ||
| 942 |
_cBK _2ddc |
||
| 999 |
_c11156 _d11156 |
||